[Event "Unterfranken-ch69 HT"]
[Site "Schweinfurt"]
[Date "2018.04.04"]
[Round "5"]
[White "Susallek, Daniela"]
[Black "Hilgers, Peter"]
[Result "1/2-1/2"]
[WhiteElo "1100"]
[BlackElo "1265"]
[PlyCount "53"]
[EventDate "2018.04.02"]
[EventType "swiss"]
[EventRounds "9"]
[EventCountry "GER"]
[SourceTitle "EXT 2019"]
[Source "ChessBase"]
[SourceDate "2018.10.10"]
[SourceVersion "1"]
[SourceVersionDate "2018.10.10"]
[SourceQuality "1"]

1. e4 d6 2. Bc4 Nf6 3. d3 g6 4. Nc3 Bg7 5. Bg5 0-0 6. h3 c5 7. Nf3 Nc6 8. 0-0 a6 9. a3 Qc7 10. Rb1 b5 11. Ba2 Nd4 12. Nd5 Nxf3+ 13. Qxf3 Nxd5 14. Bxd5 Rb8 15. Qe2 Be6 16. c4 Qd7 17. Bf4 Bxd5 18. exd5 Rbe8 19. b3 f5 20. Qe6+ Qxe6 21. dxe6 Rb8 22. Bg5 Rfe8 23. f4 h6 24. Bh4 Bd4+ 25. Kh2 Kg7 26. cxb5 axb5 27. g4 1/2-1/2

[Event "Unterfranken-ch HB 59th"]
[Site "Rieneck"]
[Date "2008.03.27"]
[Round "5"]
[White "Bechold, Martin"]
[Black "Susallek, Daniela"]
[Result "1-0"]
[WhiteElo "1550"]
[BlackElo "1221"]
[PlyCount "67"]
[EventDate "2008.03.24"]
[EventType "swiss"]
[EventRounds "9"]
[EventCountry "GER"]
[SourceTitle "EXT 2015"]
[Source "ChessBase"]
[SourceDate "2014.11.20"]
[SourceVersion "1"]
[SourceVersionDate "2014.11.20"]
[SourceQuality "1"]

1. e4 e5 2. Nf3 Nc6 3. Bc4 Bc5 4. 0-0 h6 5. d3 Nf6 6. Nc3 d6 7. h3 0-0 8. Be3 Bb6 9. Bxb6 axb6 10. a3 Nd4 11. Nxd4 exd4 12. Ne2 c5 13. f4 Be6 14. Bxe6 fxe6 15. f5 exf5 16. Rxf5 Nd7 17. Ng3 g6 18. Qg4 Ne5 19. Rxe5 dxe5 20. Qxg6+ Kh8 21. Qxh6+ Kg8 22. Qe6+ Kh8 23. Qxe5+ Qf6 24. Qxf6+ Rxf6 25. Nf5 Kg8 26. g4 Kf7 27. Kg2 Kg6 28. Kg3 Re8 29. h4 Ref8 30. Kf4 Re8 31. h5+ Kh7 32. Rg1 Rg8 33. g5 Rff8 34. g6+ 1-0

[Event "Unterfranken-ch HA 58th"]
[Site "Wuerzburg"]
[Date "2007.04.12"]
[Round "5"]
[White "Staat, Christian"]
[Black "Susallek, Daniela"]
[Result "1/2-1/2"]
[WhiteElo "1532"]
[BlackElo "1319"]
[PlyCount "64"]
[EventDate "2007.04.09"]
[EventType "swiss"]
[EventRounds "9"]
[EventCountry "GER"]
[SourceTitle "EXT 2015"]
[Source "ChessBase"]
[SourceDate "2014.11.20"]
[SourceVersion "1"]
[SourceVersionDate "2014.11.20"]
[SourceQuality "1"]

1. d4 f5 2. c4 Nf6 3. Nc3 e6 4. f3 Be7 5. e4 fxe4 6. fxe4 d6 7. Be2 0-0 8. Nf3 Nbd7 9. 0-0 c5 10. d5 Nb6 11. Qd3 Ne8 12. b3 e5 13. Be3 Bg4 14. Rf2 Nd7 15. Nd2 Rxf2 16. Bxf2 Bxe2 17. Qxe2 Bh4 18. Rf1 Bxf2+ 19. Qxf2 Qf6 20. Qe3 Qg6 21. Qh3 Ndf6 22. Qe6+ Qf7 23. Qxf7+ Kxf7 24. g4 Kg8 25. h3 Nc7 26. Nf3 Rf8 27. Nh4 g6 28. Nf3 Nd7 29. Kg2 Kg7 30. Rf2 a6 31. Kg3 h6 32. Ne2 b5 1/2-1/2

[Event "Unterfranken-ch HA 58th"]
[Site "Wuerzburg"]
[Date "2007.04.10"]
[Round "3"]
[White "Susallek, Daniela"]
[Black "Meyer, Marco"]
[Result "1/2-1/2"]
[WhiteElo "1319"]
[BlackElo "1450"]
[PlyCount "110"]
[EventDate "2007.04.09"]
[EventType "swiss"]
[EventRounds "9"]
[EventCountry "GER"]
[SourceTitle "EXT 2015"]
[Source "ChessBase"]
[SourceDate "2014.11.20"]
[SourceVersion "1"]
[SourceVersionDate "2014.11.20"]
[SourceQuality "1"]

1. e4 Nf6 2. Nc3 d5 3. f3 d4 4. Nce2 e5 5. d3 Bc5 6. c3 Nc6 7. Bg5 h6 8. Bh4 g5 9. Bf2 Nh5 10. cxd4 Nxd4 11. Nxd4 Bxd4 12. Bxd4 Qxd4 13. Qc2 c6 14. 0-0-0 f5 15. Ne2 Qe3+ 16. Qd2 Qxd2+ 17. Rxd2 f4 18. Rc2 Be6 19. a3 0-0-0 20. Nc3 Rd6 21. Be2 Rhd8 22. Rd2 Bc4 23. Rhd1 Bb3 24. Re1 a6 25. Bf1 c5 26. Ree2 Rxd3 27. Rxd3 Rxd3 28. Rd2 Re3 29. Be2 Kc7 30. Rd3 Rxd3 31. Bxd3 Nf6 32. Nb1 Kc6 33. Nd2 Be6 34. Bc4 Bd7 35. Kc2 b5 36. Ba2 c4 37. Kc3 Kc5 38. b3 cxb3 39. Nxb3+ Kb6 40. Nc1 Bc6 41. Kd3 a5 42. Nb3 b4 43. axb4 axb4 44. Nd2 Bb5+ 45. Bc4 g4 46. Kc2 Ba4+ 47. Bb3 Bxb3+ 48. Kxb3 Kc5 49. Nc4 Kd4 50. Kxb4 gxf3 51. gxf3 Nxe4 52. fxe4 Kxe4 53. Kc3 Kf3 54. Nxe5+ Ke3 55. Ng4+ Kf3 1/2-1/2

[Event "Unterfranken-ch HB 57th"]
[Site "Prichsenstadt"]
[Date "2006.04.21"]
[Round "7"]
[White "Werner, Sarah"]
[Black "Susallek, Daniela"]
[Result "0-1"]
[WhiteElo "784"]
[BlackElo "1268"]
[PlyCount "64"]
[EventDate "2006.04.17"]
[EventType "swiss"]
[EventRounds "9"]
[EventCountry "GER"]
[SourceTitle "EXT 2015"]
[Source "ChessBase"]
[SourceDate "2014.11.20"]
[SourceVersion "1"]
[SourceVersionDate "2014.11.20"]
[SourceQuality "1"]

1. e4 e5 2. Nf3 d6 3. d3 Nc6 4. Nc3 Nf6 5. Bg5 Be7 6. Be2 0-0 7. 0-0 Bg4 8. h3 Be6 9. Qd2 d5 10. exd5 Nxd5 11. Nxd5 Bxd5 12. a3 Re8 13. Bxe7 Qxe7 14. c3 Rad8 15. Bd1 Qf6 16. Re1 e4 17. Nd4 Nxd4 18. cxd4 Qxd4 19. Qe3 Qxb2 20. Ba4 Re7 21. Qg5 Qe5 22. Qe3 c6 23. Qc5 Qd6 24. Qd4 Rde8 25. Re3 Qe5 26. Qb4 Qxa1+ 27. Kh2 Qf6 28. Qe1 h6 29. Bd1 exd3 30. Rxd3 Rxe1 31. Re3 Qf4+ 32. Rg3 Rxd1 0-1

[Event "Unterfranken-ch HB 57th"]
[Site "Prichsenstadt"]
[Date "2006.04.19"]
[Round "4"]
[White "Susallek, Daniela"]
[Black "Neuburger, Irene"]
[Result "1/2-1/2"]
[WhiteElo "1268"]
[BlackElo "1309"]
[PlyCount "24"]
[EventDate "2006.04.17"]
[EventType "swiss"]
[EventRounds "9"]
[EventCountry "GER"]
[SourceTitle "EXT 2015"]
[Source "ChessBase"]
[SourceDate "2014.11.20"]
[SourceVersion "1"]
[SourceVersionDate "2014.11.20"]
[SourceQuality "1"]

1. e4 c6 2. d4 d5 3. exd5 cxd5 4. Nc3 e6 5. Nf3 Nf6 6. Bd2 Be7 7. Bd3 Nbd7 8. 0-0 0-0 9. a3 a5 10. Qe2 Qb6 11. Rab1 Qc7 12. Ne5 Bd6 1/2-1/2